Name Every North American Bird - Statistics

General Stats
  • This quiz has been taken 1,929 times
    733 since last reset
  • The average score is 178 of 1153
Answer Stats
Common Name Scientific Name Rarity Code % Correct
Bald Eagle Haliaeetus leucocephalus 1
80%
Blue Jay Cyanocitta cristata 1
68%
Mallard Anas platyrhynchos 1
64%
Canada Goose Branta canadensis 1
60%
Peregrine Falcon Falco peregrinus 1
55%
Golden Eagle Aquila chrysaetos 1
54%
Red-tailed Hawk Buteo jamaicensis 1
54%
American Crow Corvus brachyrhynchos 1
52%
American Robin Turdus migratorius 1
49%
Northern Cardinal Cardinalis cardinalis 1
49%
Trumpeter Swan Cygnus buccinator 1
48%
Great Blue Heron Ardea herodias 1
47%
Mourning Dove Zenaida macroura 1
47%
Mute Swan Cygnus olor 1
47%
Redhead Aythya americana 1
47%
Wood Duck Aix sponsa 1
47%
Common Loon Gavia immer 1
46%
Common Raven Corvus corax 1
46%
House Sparrow Passer domesticus 1
46%
California Condor Gymnogyps californianus 2
45%
Great Horned Owl Bubo virginianus 1
45%
Rock Pigeon Columba livia 1
45%
Turkey Vulture Cathartes aura 1
45%
Barred Owl Strix varia 1
44%
Snow Goose Anser caerulescens 1
44%
Snowy Owl Bubo scandiacus 2
44%
Black-capped Chickadee Poecile atricapillus 1
43%
Cooper's Hawk Astur (Accipiter) cooperii 1
43%
Downy Woodpecker Dryobates pubescens 1
43%
American Kestrel Falco sparverius 1
42%
Brant Branta bernicla 1
42%
Pileated Woodpecker Dryocopus pileatus 1
42%
Redwing Turdus iliacus 4
42%
Tundra Swan Cygnus columbianus 1
42%
Blue-winged Teal Spatula discors 1
41%
Ruby-throated Hummingbird Archilochus colubris 1
41%
Common Merganser Mergus merganser 1
40%
House Finch Haemorhous mexicanus 1
39%
Ross's Goose Anser rossii 1
39%
American Goldfinch Spinus tristis 1
38%
Green-winged Teal Anas crecca 1
38%
Osprey Pandion haliaetus 1
38%
Sandhill Crane Antigone canadensis 1
38%
Wild Turkey Meleagris gallopavo 1
38%
Bufflehead Bucephala albeola 1
37%
Cackling Goose Branta hutchinsii 1
37%
Hooded Merganser Lophodytes cucullatus 1
37%
Red-shouldered Hawk Buteo lineatus 1
37%
Red-winged Blackbird Agelaius phoeniceus 1
37%
American Black Duck Anas rubripes 1
36%
Anna's Hummingbird Calypte anna 1
36%
Baltimore Oriole Icterus galbula 1
36%
Black Vulture Coragyps atratus 1
36%
Carolina Chickadee Poecile carolinensis 1
36%
Dark-eyed Junco Junco hyemalis 1
36%
Great Egret Ardea alba 1
36%
Hairy Woodpecker Dryobates villosus 1
36%
Merlin Falco columbarius 1
36%
Red-breasted Merganser Mergus serrator 1
36%
Ring-billed Gull Larus delawarensis 1
36%
Sharp-shinned Hawk Accipiter striatus 1
36%
Steller's Jay Cyanocitta stelleri 1
36%
Tufted Titmouse Baeolophus bicolor 1
36%
American Wigeon Mareca americana 1
35%
Barn Swallow Hirundo rustica 1
35%
Black-bellied Whistling-Duck Dendrocygna autumnalis 1
35%
California Gull Larus californicus 1
35%
California Quail Callipepla californica 1
35%
Cinnamon Teal Spatula cyanoptera 1
35%
Eastern Bluebird Sialia sialis 1
35%
Greater White-fronted Goose Anser albifrons 1
35%
Lesser Scaup Aythya affinis 1
35%
Northern Shoveler Spatula clypeata 1
35%
Ring-necked Duck Aythya collaris 1
35%
Snowy Egret Egretta thula 1
35%
Brown Pelican Pelecanus occidentalis 1
34%
Canvasback Aythya valisineria 1
34%
Carolina Wren Thryothorus ludovicianus 1
34%
Common Eider Somateria mollissima 1
34%
Eastern Screech-Owl Megascops asio 1
34%
European Starling Sturnus vulgaris 1
34%
Fish Crow Corvus ossifragus 1
34%
Greater Scaup Aythya marila 1
34%
Northern Flicker Colaptes auratus 1
34%
Ruff Calidris pugnax 3
34%
Yellow Warbler Setophaga petechia 1
34%
Atlantic Puffin Fratercula arctica 1
33%
Common Grackle Quiscalus quiscula 1
33%
Common Tern Sterna hirundo 1
33%
Double-crested Cormorant Nannopterum auritum 1
33%
Gadwall Mareca strepera 1
33%
Indigo Bunting Passerina cyanea 1
33%
Northern Mockingbird Mimus polyglottos 1
33%
Purple Finch Haemorhous purpureus 1
33%
Red-eyed Vireo Vireo olivaceus 1
33%
Ruddy Duck Oxyura jamaicensis 1
33%
Song Sparrow Melospiza melodia 1
33%
Swainson's Hawk Buteo swainsoni 1
33%
Black Scoter Melanitta americana 1
32%
Burrowing Owl Athene cunicularia 1
32%
Common Goldeneye Bucephala clangula 1
32%
Eastern Kingbird Tyrannus tyrannus 1
32%
Greater Yellowlegs Tringa melanoleuca 1
32%
Harlequin Duck Histrionicus histrionicus 1
32%
Killdeer Charadrius vociferus 1
32%
Laughing Gull Leucophaeus atricilla 1
32%
Lesser Yellowlegs Tringa flavipes 1
32%
Red-bellied Woodpecker Melanerpes carolinus 1
32%
Red-headed Woodpecker Melanerpes erythrocephalus 1
32%
Surf Scoter Melanitta perspicillata 1
32%
Caspian Tern Hydroprogne caspia 1
31%
Eastern Phoebe Sayornis phoebe 1
31%
Great Gray Owl Strix nebulosa 2
31%
Green Heron Butorides virescens 1
31%
King Eider Somateria spectabilis 2
31%
Northern Pintail Anas acuta 1
31%
Red-breasted Nuthatch Sitta canadensis 1
31%
Roseate Spoonbill Platalea ajaja 1
31%
Rufous Hummingbird Selasphorus rufus 1
31%
Western Kingbird Tyrannus verticalis 1
31%
Western Screech-Owl Megascops kennicottii 1
31%
White-breasted Nuthatch Sitta carolinensis 1
31%
Yellow-bellied Sapsucker Sphyrapicus varius 1
31%
American Coot Fulica americana 1
30%
American Herring Gull Larus smithsonianus (L. argentatus) 1
30%
Brown Thrasher Toxostoma rufum 1
30%
Chimney Swift Chaetura pelagica 1
30%
Common Gallinule Gallinula galeata 1
30%
Fulvous Whistling-Duck Dendrocygna bicolor 1
30%
Long-eared Owl Asio otus 2
30%
Long-tailed Duck Clangula hyemalis 1
30%
Northern Harrier Circus hudsonius 1
30%
Pied-billed Grebe Podilymbus podiceps 1
30%
Sanderling Calidris alba 1
30%
Semipalmated Plover Charadrius semipalmatus 1
30%
Short-eared Owl Asio flammeus 1
30%
Whooping Crane Grus americana 2
30%
American Barn Owl Tyto furcata 1
29%
American Woodcock Scolopax minor 1
29%
Anhinga Anhinga anhinga 1
29%
Arctic Tern Sterna paradisaea 1
29%
Barnacle Goose Branta leucopsis 3
29%
Barrow's Goldeneye Bucephala islandica 1
29%
Black Tern Chlidonias niger 1
29%
Blue-footed Booby Sula nebouxii 4
29%
California Scrub-Jay Aphelocoma californica 1
29%
Eurasian Wigeon Mareca penelope 2
29%
Glaucous Gull Larus hyperboreus 1
29%
Hermit Thrush Catharus guttatus 1
29%
Least Sandpiper Calidris minutilla 1
29%
Pacific Loon Gavia pacifica 1
29%
Pine Warbler Setophaga pinus 1
29%
Piping Plover Charadrius melodus 2
29%
Scarlet Tanager Piranga olivacea 1
29%
Spotted Sandpiper Actitis macularius 1
29%
Spotted Towhee Pipilo maculatus 1
29%
Virginia Rail Rallus limicola 1
29%
White Ibis Eudocimus albus 1
29%
White-winged Scoter Melanitta deglandi 1
29%
Yellow-rumped Warbler Setophaga coronata 1
29%
American White Pelican Pelecanus erythrorhynchos 1
28%
Belted Kingfisher Megaceryle alcyon 1
28%
Black-crowned Night Heron Nycticorax nycticorax 1
28%
Eastern Towhee Pipilo erythrophthalmus 1
28%
Great Black-backed Gull Larus marinus 1
28%
Greater Roadrunner Geococcyx californianus 1
28%
Lesser Black-backed Gull Larus fuscus 2
28%
Little Blue Heron Egretta caerulea 1
28%
Mountain Bluebird Sialia currucoides 1
28%
Northern Bobwhite Colinus virginianus 1
28%
Painted Bunting Passerina ciris 1
28%
Tree Swallow Tachycineta bicolor 1
28%
Tricolored Heron Egretta tricolor 1
28%
Tufted Puffin Fratercula cirrhata 1
28%
White-throated Sparrow Zonotrichia albicollis 1
28%
Wood Thrush Hylocichla mustelina 1
28%
Black Phoebe Sayornis nigricans 1
27%
Bonaparte's Gull Chroicocephalus philadelphia 1
27%
Broad-winged Hawk Buteo platypterus 1
27%
Brown-headed Cowbird Molothrus ater 1
27%
Canada Jay Perisoreus canadensis 1
27%
Common Murre Uria aalge 1
27%
Eastern Wood-Pewee Contopus virens 1
27%
Magnolia Warbler Setophaga magnolia 1
27%
Northern Saw-whet Owl Aegolius acadicus 2
27%
Philadelphia Vireo Vireo philadelphicus 1
27%
Royal Tern Thalasseus maximus 1
27%
Western Bluebird Sialia mexicana 1
27%
Whimbrel Numenius phaeopus 1
27%
Wilson's Snipe Gallinago delicata 1
27%
American Avocet Recurvirostra americana 1
26%
American Bittern Botaurus lentiginosus 1
26%
American Oystercatcher Haematopus palliatus 1
26%
Arctic Loon Gavia arctica 3
26%
Chipping Sparrow Spizella passerina 1
26%
Dunlin Calidris alpina 1
26%
Eastern Meadowlark Sturnella magna 1
26%
Egyptian Goose Alopochen aegyptiaca 2
26%
Eurasian Collared-Dove Streptopelia decaocto 1
26%
Forster's Tern Sterna forsteri 1
26%
Gambel's Quail Callipepla gambelii 1
26%
Glaucous-winged Gull Larus glaucescens 1
26%
Graylag Goose Anser anser 5
26%
Hawaiian Crow Corvus hawaiiensis 6
26%
Hawaiian Goose Branta sandvicensis 2
26%
Horned Grebe Podiceps auritus 1
26%
Least Flycatcher Empidonax minimus 1
26%
Mexican Duck Anas diazi 2
26%
Mottled Duck Anas fulvigula 1
26%
Mountain Chickadee Poecile gambeli 1
26%
Purple Gallinule Porphyrio martinica (martinicus) 1
26%
Purple Martin Progne subis 1
26%
Razorbill Alca torda 1
26%
Red-throated Loon Gavia stellata 1
26%
Ring-necked Pheasant Phasianus colchicus 1
26%
Rose-breasted Grosbeak Pheucticus ludovicianus 1
26%
Ruffed Grouse Bonasa umbellus 1
26%
Savannah Sparrow Passerculus sandwichensis 1
26%
Semipalmated Sandpiper Calidris pusilla 1
26%
Snowy Plover Anarhynchus nivosus 1
26%
Swainson's Thrush Catharus ustulatus 1
26%
Western Cattle Egret Bubulcus ibis 1
26%
White-crowned Sparrow Zonotrichia leucophrys 1
26%
Willet Tringa semipalmata 1
26%
American Flamingo Phoenicopterus ruber 3
25%
American Golden-Plover Pluvialis dominica 1
25%
Black-and-white Warbler Mniotilta varia 1
25%
Black-throated Green Warbler Setophaga virens 1
25%
Calliope Hummingbird Selasphorus calliope 1
25%
Cedar Waxwing Bombycilla cedrorum 1
25%
Cerulean Warbler Setophaga cerulea 2
25%
Cliff Swallow Petrochelidon pyrrhonota 1
25%
Crested Caracara Caracara plancus 2
25%
Eared Grebe Podiceps nigricollis 1
25%
Elegant Trogon Trogon elegans 2
25%
Florida Scrub-Jay Aphelocoma coerulescens 2
25%
Franklin's Gull Leucophaeus pipixcan 1
25%
Gray Catbird Dumetella carolinensis 1
25%
Least Bittern Botaurus exilis 1
25%
Lincoln's Sparrow Melospiza lincolnii 1
25%
Magnificent Frigatebird Fregata magnificens 1
25%
Marsh Wren Cistothorus palustris 1
25%
Pine Siskin Spinus pinus 1
25%
Pink-footed Goose Anser brachyrhynchus 3
25%
Prairie Falcon Falco mexicanus 1
25%
Ruby-crowned Kinglet Corthylio calendula 1
25%
Spotted Owl Strix occidentalis 2
25%
Summer Tanager Piranga rubra 1
25%
Warbling Vireo Vireo gilvus 1
25%
Western Grebe Aechmophorus occidentalis 1
25%
Western Wood-Pewee Contopus sordidulus 1
25%
Whooper Swan Cygnus cygnus 3
25%
Willow Ptarmigan Lagopus lagopus 2
25%
Yellow-billed Cuckoo Coccyzus americanus 1
25%
Alder Flycatcher Empidonax alnorum 1
24%
American Redstart Setophaga ruticilla 1
24%
Black-bellied Plover Pluvialis squatarola 1
24%
Black-necked Stilt Himantopus mexicanus 1
24%
Boreal Chickadee Poecile hudsonicus 1
24%
Cactus Wren Campylorhynchus brunneicapillus 1
24%
Chukar Alectoris chukar 2
24%
Common Yellowthroat Geothlypis trichas 1
24%
Iceland Gull Larus glaucoides 1
24%
Inca Dove Columbina inca 1
24%
Mississippi Kite Ictinia mississippiensis 1
24%
Muscovy Duck Cairina moschata 2
24%
Northern Gannet Morus bassanus 1
24%
Pygmy Nuthatch Sitta pygmaea 1
24%
Sandwich Tern Thalasseus sandvicensis 1
24%
Say's Phoebe Sayornis saya 1
24%
Solitary Sandpiper Tringa solitaria 1
24%
Sora Porzana carolina 1
24%
Spectacled Eider Somateria fischeri 2
24%
Steller's Eider Polysticta stelleri 2
24%
Tennessee Warbler Leiothlypis peregrina 1
24%
Townsend's Warbler Setophaga townsendi 1
24%
Western Meadowlark Sturnella neglecta 1
24%
White-eyed Vireo Vireo griseus 1
24%
Wilson's Phalarope Phalaropus tricolor 1
24%
American Goshawk Astur (Accipiter) atricapillus 1
23%
Black-billed Magpie Pica hudsonia 1
23%
Blackburnian Warbler Setophaga fusca 1
23%
Black-throated Blue Warbler Setophaga caerulescens 1
23%
Blue-headed Vireo Vireo solitarius 1
23%
Cassin's Vireo Vireo cassinii 1
23%
Chestnut-backed Chickadee Poecile rufescens 1
23%
Clark's Grebe Aechmophorus clarkii 1
23%
Glossy Ibis Plegadis falcinellus 1
23%
Greater Prairie-Chicken Tympanuchus cupido 2
23%
Greater Sage-Grouse Centrocercus urophasianus 1
23%
Gyrfalcon Falco rusticolus 2
23%
Horned Puffin Fratercula corniculata 1
23%
Hutton's Vireo Vireo huttoni 1
23%
Ivory-billed Woodpecker Campephilus principalis 6
23%
Least Tern Sternula antillarum 1
23%
Long-billed Curlew Numenius americanus 1
23%
Northern House Wren Troglodytes aedon 1
23%
Red Crossbill Loxia curvirostra 1
23%
Rough-legged Hawk Buteo lagopus 1
23%
Ruddy Turnstone Arenaria interpres 1
23%
Scissor-tailed Flycatcher Tyrannus forficatus 1
23%
Western Gull Larus occidentalis 1
23%
White-faced Ibis Plegadis chihi 1
23%
Willow Flycatcher Empidonax traillii 1
23%
Wilson's Warbler Cardellina pusilla 1
23%
Yellow-headed Blackbird Xanthocephalus xanthocephalus 1
23%
Acorn Woodpecker Melanerpes formicivorus 1
22%
American Tree Sparrow Spizelloides arborea 1
22%
Baird's Sandpiper Calidris bairdii 1
22%
Bank Swallow Riparia riparia 1
22%
Bell's Vireo Vireo bellii 1
22%
Bewick's Wren Thryomanes bewickii 1
22%
Black-billed Cuckoo Coccyzus erythropthalmus 1
22%
Black-headed Gull Chroicocephalus ridibundus 2
22%
Black Rail Laterallus jamaicensis 2
22%
Blue Grosbeak Passerina caerulea 1
22%
Boat-tailed Grackle Quiscalus major 1
22%
Brewer's Blackbird Euphagus cyanocephalus 1
22%
Brown Booby Sula leucogaster 2
22%
Chihuahuan Raven Corvus cryptoleucus 1
22%
Emperor Goose Anser canagicus 2
22%
Great Cormorant Phalacrocorax carbo 1
22%
Green Jay Cyanocorax yncas 2
22%
King Rail Rallus elegans 1
22%
Lewis's Woodpecker Melanerpes lewis 1
22%
Marbled Godwit Limosa fedoa 1
22%
Montezuma Quail Cyrtonyx montezumae 2
22%
Pacific Wren Troglodytes pacificus 1
22%
Palm Warbler Setophaga palmarum 1
22%
Parasitic Jaeger Stercorarius parasiticus 1
22%
Reddish Egret Egretta rufescens 1
22%
Red Knot Calidris canutus 1
22%
Red-necked Phalarope Phalaropus lobatus 1
22%
Short-billed Dowitcher Limnodromus griseus 1
22%
Swallow-tailed Kite Elanoides forficatus 1
22%
Swamp Sparrow Melospiza georgiana 1
22%
Tufted Duck Aythya fuligula 3
22%
Varied Thrush Ixoreus naevius 1
22%
Western Sandpiper Calidris mauri 1
22%
Yellow-crowned Night Heron Nyctanassa violacea 1
22%
Yellow Rail Coturnicops noveboracensis 2
22%
Allen's Hummingbird Selasphorus sasin 1
21%
Black Oystercatcher Haematopus bachmani 1
21%
Black Skimmer Rynchops niger 1
21%
Brown Creeper Certhia americana 1
21%
Cassin's Finch Haemorhous cassinii 1
21%
Clark's Nutcracker Nucifraga columbiana 1
21%
Common Crane Grus grus 4
21%
Common Gull Larus canus 3
21%
Elegant Tern Thalasseus elegans 1
21%
Elf Owl Micrathene whitneyi 2
21%
Evening Grosbeak Coccothraustes vespertinus 1
21%
Golden-crowned Kinglet Regulus satrapa 1
21%
Great Auk Pinguinus impennis 6
21%
Great-tailed Grackle Quiscalus mexicanus 1
21%
Heermann's Gull Larus heermanni 1
21%
Lesser Goldfinch Spinus psaltria 1
21%
Lesser Prairie-Chicken Tympanuchus pallidicinctus 2
21%
Lesser White-fronted Goose Anser erythropus 5
21%
Little Gull Hydrocoloeus minutus 2
21%
Nashville Warbler Leiothlypis ruficapilla 1
21%
Northern Parula Setophaga americana 1
21%
Nuttall's Woodpecker Dryobates nuttallii 1
21%
Olive-sided Flycatcher Contopus cooperi 1
21%
Passenger Pigeon Ectopistes migratorius 6
21%
Pelagic Cormorant Urile pelagicus 1
21%
Red-naped Sapsucker Sphyrapicus nuchalis 1
21%
Smew Mergellus albellus 3
21%
Spruce Grouse Canachites canadensis 2
21%
Steller's Sea-Eagle Haliaeetus pelagicus 4
21%
Taiga Bean-Goose Anser fabalis 3
21%
Tundra Bean-Goose Anser serrirostris 3
21%
White-winged Dove Zenaida asiatica 1
21%
Woodhouse's Scrub-Jay Aphelocoma woodhouseii 1
21%
American Pipit Anthus rubescens 1
20%
Black-legged Kittiwake Rissa tridactyla 1
20%
Bullock's Oriole Icterus bullockii 1
20%
Canada Warbler Cardellina canadensis 1
20%
Carolina Parakeet Conuropsis carolinensis 6
20%
Chestnut-sided Warbler Setophaga pensylvanica 1
20%
Clapper Rail Rallus crepitans 1
20%
Common Ground Dove Columbina passerina 1
20%
Common Nighthawk Chordeiles minor 1
20%
Dovekie Alle alle 2
20%
Ferruginous Hawk Buteo regalis 1
20%
Fox Sparrow Passerella iliaca 1
20%
Gray-cheeked Thrush Catharus minimus 1
20%
Great Crested Flycatcher Myiarchus crinitus 1
20%
Hudsonian Godwit Limosa haemastica 1
20%
Kirtland's Warbler Setophaga kirtlandii 2
20%
Long-billed Dowitcher Limnodromus scolopaceus 1
20%
Pectoral Sandpiper Calidris melanotos 1
20%
Red-necked Grebe Podiceps grisegena 1
20%
Red Phalarope Phalaropus fulicarius 1
20%
Rusty Blackbird Euphagus carolinus 1
20%
Sabine's Gull Xema sabini 1
20%
Snow Bunting Plectrophenax nivalis 1
20%
Veery Catharus fuscescens 1
20%
Violet-green Swallow Tachycineta thalassina 1
20%
Winter Wren Troglodytes hiemalis 1
20%
Wood Stork Mycteria americana 1
20%
Yellow-throated Warbler Setophaga dominica 1
20%
Arizona Woodpecker Dryobates arizonae 2
19%
Bicknell's Thrush Catharus bicknelli 2
19%
Black-chinned Hummingbird Archilochus alexandri 1
19%
Blue-winged Warbler Vermivora cyanoptera 1
19%
Boreal Owl Aegolius funereus 2
19%
Costa's Hummingbird Calypte costae 1
19%
Field Sparrow Spizella pusilla 1
19%
Gilded Flicker Colaptes chrysoides 2
19%
Hammond's Flycatcher Empidonax hammondii 1
19%
Horned Lark Eremophila alpestris 1
19%
Kentucky Warbler Geothlypis formosa 1
19%
Labrador Duck Camptorhynchus labradorius 6
19%
Ladder-backed Woodpecker Dryobates scalaris 1
19%
Laysan Albatross Phoebastria immutabilis 2
19%
Neotropic Cormorant Nannopterum brasilianum 1
19%
Northern Fulmar Fulmarus glacialis 1
19%
Northern Rough-winged Swallow Stelgidopteryx serripennis 1
19%
Northern Shrike Lanius borealis 1
19%
Northern Waterthrush Parkesia noveboracensis 1
19%
Orchard Oriole Icterus spurius 1
19%
Ovenbird Seiurus aurocapilla 1
19%
Prothonotary Warbler Protonotaria citrea 1
19%
Purple Sandpiper Calidris maritima 1
19%
Pyrrhuloxia Cardinalis sinuatus 1
19%
Scarlet Ibis Eudocimus ruber 5
19%
Seaside Sparrow Ammospiza maritima 1
19%
Sharp-tailed Grouse Tympanuchus phasianellus 2
19%
Snail Kite Rostrhamus sociabilis 2
19%
Tropical Kingbird Tyrannus melancholicus 2
19%
Western Flycatcher Empidonax difficilis 1
19%
Western Tanager Piranga ludoviciana 1
19%
White-tailed Kite Elanus leucurus 1
19%
Wilson's Plover Anarhynchus wilsonia 1
19%
Yellow-billed Loon Gavia adamsii 2
19%
Yellow-billed Magpie Pica nuttalli 2
19%
American Dipper Cinclus mexicanus 1
18%
American Three-toed Woodpecker Picoides dorsalis 2
18%
Blackpoll Warbler Setophaga striata 1
18%
Black Swift Cypseloides niger 2
18%
Blue-gray Gnatcatcher Polioptila caerulea 1
18%
Bohemian Waxwing Bombycilla garrulus 2
18%
Brandt's Cormorant Urile penicillatus 1
18%
Eastern Whip-poor-will Antrostomus vociferus 1
18%
Lazuli Bunting Passerina amoena 1
18%
Loggerhead Shrike Lanius ludovicianus 1
18%
Louisiana Waterthrush Parkesia motacilla 1
18%
Monk Parakeet Myiopsitta monachus 2
18%
Nelson's Sparrow Ammospiza nelsoni 1
18%
Northern Hawk Owl Surnia ulula 2
18%
Northern Pygmy-Owl Glaucidium gnoma 2
18%
Orange-crowned Warbler Leiothlypis celata 1
18%
Pacific Golden-Plover Pluvialis fulva 2
18%
Phainopepla Phainopepla nitens 1
18%
Pine Grosbeak Pinicola enucleator 1
18%
Red-breasted Sapsucker Sphyrapicus ruber 1
18%
Red-footed Booby Sula sula 2
18%
Red Junglefowl Gallus gallus 2
18%
Rock Ptarmigan Lagopus muta 2
18%
Roseate Tern Sterna dougallii 2
18%
Vaux's Swift Chaetura vauxi 1
18%
White-rumped Sandpiper Calidris fuscicollis 1
18%
White-winged Crossbill Loxia leucoptera 2
18%
Worm-eating Warbler Helmitheros vermivorum 1
18%
Yellow-bellied Flycatcher Empidonax flaviventris 1
18%
Acadian Flycatcher Empidonax virescens 1
17%
Black-backed Woodpecker Picoides arcticus 2
17%
Black-throated Gray Warbler Setophaga nigrescens 1
17%
Brewer's Sparrow Spizella breweri 1
17%
Brown-headed Nuthatch Sitta pusilla 1
17%
Bushtit Psaltriparus minimus 1
17%
Cassin's Kingbird Tyrannus vociferans 1
17%
Chuck-will's-widow Antrostomus carolinensis 1
17%
Connecticut Warbler Oporornis agilis 2
17%
Gila Woodpecker Melanerpes uropygialis 1
17%
Golden-winged Warbler Vermivora chrysoptera 2
17%
Grasshopper Sparrow Ammodramus savannarum 1
17%
Green Kingfisher Chloroceryle americana 2
17%
Groove-billed Ani Crotophaga sulcirostris 2
17%
Hawaiian Duck Anas wyvilliana 2
17%
Mangrove Cuckoo Coccyzus minor 2
17%
Plumbeous Vireo Vireo plumbeus 1
17%
Pomarine Jaeger Stercorarius pomarinus 1
17%
Rock Wren Salpinctes obsoletus 1
17%
Saltmarsh Sparrow Ammospiza caudacuta 1
17%
Scaled Quail Callipepla squamata 1
17%
Sedge Wren Cistothorus stellaris 1
17%
Smooth-billed Ani Crotophaga ani 3
17%
Sooty Grouse Dendragapus fuliginosus 2
17%
Swainson's Warbler Limnothlypis swainsonii 2
17%
Upland Sandpiper Bartramia longicauda 1
17%
Vesper Sparrow Pooecetes gramineus 1
17%
Wilson's Storm-Petrel Oceanites oceanicus 1
17%
Ancient Murrelet Synthliboramphus antiquus 2
16%
Band-tailed Pigeon Patagioenas fasciata 1
16%
Bar-tailed Godwit Limosa lapponica 2
16%
Black Guillemot Cepphus grylle 1
16%
Black-headed Grosbeak Pheucticus melanocephalus 1
16%
Black Turnstone Arenaria melanocephala 1
16%
Bluethroat Luscinia (Cyanecula) svecica 2
16%
California Towhee Melozone crissalis 1
16%
Canyon Wren Catherpes mexicanus 1
16%
Cave Swallow Petrochelidon fulva 1
16%
Common Cuckoo Cuculus canorus 3
16%
Common Snipe Gallinago gallinago 3
16%
Couch's Kingbird Tyrannus couchii 2
16%
Curve-billed Thrasher Toxostoma curvirostre 1
16%
Dusky Grouse Dendragapus obscurus 2
16%
Flammulated Owl Psiloscops flammeolus 2
16%
Garganey Spatula querquedula 4
16%
Golden-crowned Sparrow Zonotrichia atricapilla 1
16%
Gray Partridge Perdix perdix 2
16%
Henslow's Sparrow Centronyx henslowii 2
16%
Hooded Warbler Setophaga citrina 1
16%
Island Scrub-Jay Aphelocoma insularis 2
16%
Lapland Longspur Calcarius lapponicus 1
16%
Lark Bunting Calamospiza melanocorys 1
16%
Laysan Duck Anas laysanensis 3
16%
LeConte's Sparrow Ammospiza leconteii 1
16%
Long-tailed Jaeger Stercorarius longicaudus 1
16%
Lucy's Warbler Leiothlypis luciae 1
16%
Mourning Warbler Geothlypis philadelphia 1
16%
Northern Jacana Jacana spinosa 4
16%
Oak Titmouse Baeolophus inornatus 1
16%
Pinyon Jay Gymnorhinus cyanocephalus 1
16%
Rhinoceros Auklet Cerorhinca monocerata 1
16%
Short-billed Gull Larus brachyrhynchus 1
16%
South Polar Skua Stercorarius maccormicki 2
16%
Thick-billed Murre Uria lomvia 1
16%
Tricolored Blackbird Agelaius tricolor 2
16%
Vermilion Flycatcher Pyrocephalus rubinus 1
16%
Wandering Albatross Diomedea exulans (sp.) 5
16%
White-tailed Ptarmigan Lagopus leucura 2
16%
Yellow-eyed Junco Junco phaeonotus 2
16%
Yellow-throated Vireo Vireo flavifrons 1
16%
Abert's Towhee Melozone aberti 1
15%
Baird's Sparrow Centronyx bairdii 2
15%
Bay-breasted Warbler Setophaga castanea 1
15%
Bobolink Dolichonyx oryzivorus 1
15%
Cape May Warbler Setophaga tigrina 1
15%
Common Swift Apus apus 4
15%
European Golden-Plover Pluvialis apricaria 4
15%
Falcated Duck Mareca falcata 4
15%
Gray Heron Ardea cinerea 4
15%
Great Skua Stercorarius skua 3
15%
Green-tailed Towhee Pipilo chlorurus 1
15%
Gull-billed Tern Gelochelidon nilotica 1
15%
Gunnison Sage-Grouse Centrocercus minimus 2
15%
Harris's Hawk Parabuteo unicinctus 1
15%
Hooded Oriole Icterus cucullatus 1
15%
Ivory Gull Pagophila eburnea 3
15%
Juniper Titmouse Baeolophus ridgwayi 1
15%
Lark Sparrow Chondestes grammacus 1
15%
Lawrence's Goldfinch Spinus lawrencei 2
15%
Least Grebe Tachybaptus dominicus 2
15%
Lesser Nighthawk Chordeiles acutipennis 1
15%
Limpkin Aramus guarauna 2
15%
Little Egret Egretta garzetta 4
15%
Lucifer Hummingbird Calothorax lucifer 2
15%
Marbled Murrelet Brachyramphus marmoratus 1
15%
Mountain Plover Anarhynchu montanus 2
15%
Mountain Quail Oreortyx pictus 1
15%
Pigeon Guillemot Cepphus columba 1
15%
Prairie Warbler Setophaga discolor 1
15%
Ross's Gull Rhodostethia rosea 3
15%
Ruddy Ground Dove Columbina talpacoti 3
15%
Sooty Shearwater Ardenna grisea 1
15%
Stejneger's Scoter Melanitta stejnegeri 3
15%
Stilt Sandpiper Calidris himantopus 1
15%
Surfbird Calidris virgata 1
15%
Townsend's Solitaire Myadestes townsendi 1
15%
White-headed Woodpecker Dryobates albolarvatus 1
15%
Williamson's Sapsucker Sphyrapicus thyroideus 1
15%
Zone-tailed Hawk Buteo albonotatus 2
15%
Aplomado Falcon Falco femoralis 3
14%
Ash-throated Flycatcher Myiarchus cinerascens 1
14%
Black-crested Titmouse Baeolophus atricristatus 2
14%
Broad-billed Hummingbird Cynanthus latirostris 2
14%
Broad-tailed Hummingbird Selasphorus platycercus 1
14%
Buff-breasted Sandpiper Calidris subruficollis 1
14%
Clay-colored Sparrow Spizella pallida 1
14%
Common Pochard Aythya ferina 3
14%
Common Redpoll Acanthis flammea 1
14%
Common Scoter Melanitta nigra 5
14%
Dickcissel Spiza americana 1
14%
Eurasian Tree Sparrow Passer montanus 2
14%
Fork-tailed Flycatcher Tyrannus savana 3
14%
Golden-fronted Woodpecker Melanerpes aurifrons 1
14%
Inca Tern Larosterna inca 5
14%
Mexican Jay Aphelocoma wollweberi 2
14%
Northern Lapwing Vanellus vanellus 4
14%
Red-legged Kittiwake Rissa brevirostris 2
14%
Vega Gull Larus vegae (L. argentatus) 3
14%
Virginia's Warbler Leiothlypis virginiae 1
14%
White-cheeked Pintail Anas bahamensis 4
14%
White-throated Swift Aeronautes saxatalis 1
14%
Bachman's Warbler Vermivora bachmanii 6
13%
Baikal Teal Sibirionetta formosa 4
13%
Black-tailed Godwit Limosa limosa 3
13%
Brown Jay Cyanocorax morio 4
13%
Common Black Hawk Buteogallus anthracinus 2
13%
Common Greenshank Tringa nebularia 3
13%
Common Ringed Plover Charadrius hiaticula 3
13%
Common Shelduck Tadorna tadorna 4
13%
Eskimo Curlew Numenius borealis 6
13%
Eurasian Coot Fulica atra 5
13%
Grace's Warbler Setophaga graciae 1
13%
Gray Flycatcher Empidonax wrightii 1
13%
Hepatic Tanager Piranga flava 2
13%
Himalayan Snowcock Tetraogallus himalayensis 2
13%
Indian Peafowl Pavo cristatus 2
13%
Manx Shearwater Puffinus puffinus 2
13%
Ridgway's Rail Rallus obsoletus 2
13%
Sage Thrasher Oreoscoptes montanus 1
13%
Short-tailed Hawk Buteo brachyurus 2
13%
Sooty Tern Onychoprion fuscatus 2
13%
Bell's Sparrow Artemisiospiza belli 1
12%
Black-capped Vireo Vireo atricapilla 2
12%
Black-footed Albatross Phoebastria nigripes 1
12%
Black-throated Sparrow Amphispiza bilineata 1
12%
Bridled Titmouse Baeolophus wollweberi 2
12%
Common Poorwill Phalaenoptilus nuttallii 1
12%
Corn Crake Crex crex 4
12%
Crissal Thrasher Toxostoma crissale 2
12%
Dusky Flycatcher Empidonax oberholseri 1
12%
Eurasian Kestrel Falco tinnunculus 4
12%
Ferruginous Pygmy-Owl Glaucidium brasilianum 3
12%
Great Frigatebird Fregata minor 2
12%
Great Kiskadee Pitangus sulphuratus 2
12%
Great Shearwater Ardenna gravis 1
12%
Jabiru Jabiru mycteria 4
12%
Kelp Gull Larus dominicanus 4
12%
Leach's Storm-Petrel Hydrobates leucorhous 1
12%
LeConte's Thrasher Toxostoma lecontei 2
12%
Little Stint Calidris minuta 3
12%
MacGillivray's Warbler Geothlypis tolmiei 1
12%
Masked Booby Sula dactylatra 2
12%
Masked Duck Nomonyx dominicus 3
12%
Mexican Chickadee Poecile sclateri 2
12%
Nazca Booby Sula granti 3
12%
Painted Redstart Myioborus pictus 2
12%
Red-billed Tropicbird Phaethon aethereus 3
12%
Ringed Kingfisher Megaceryle torquata 2
12%
Roadside Hawk Rupornis magnirostris 4
12%
Sprague's Pipit Anthus spragueii 2
12%
Temminck's Stint Calidris temminckii 3
12%
Wandering Tattler Tringa incana 1
12%
Yellow-breasted Chat Icteria virens 1
12%
Yellow-legged Gull Larus michahellis 4
12%
Amazon Kingfisher Chloroceryle amazona 5
11%
Berylline Hummingbird Saucerottia beryllina 3
11%
Bridled Tern Onychoprion anaethetus 2
11%
California Gnatcatcher Polioptila californica 2
11%
Common Myna Acridotheres tristis 2
11%
Common Redshank Tringa totanus 4
11%
Cory's Shearwater Calonectris borealis 1
11%
Eurasian Woodcock Scolopax rusticola 5
11%
Gray Hawk Buteo plagiatus 2
11%
Gray Kingbird Tyrannus dominicensis 2
11%
Harris's Sparrow Zonotrichia querula 1
11%
Lesser Frigatebird Fregata ariel 4
11%
Long-billed Thrasher Toxostoma longirostre 2
11%
Nanday Parakeet Aratinga nenday 2
11%
Red-cockaded Woodpecker Dryobates borealis 2
11%
Red-faced Warbler Cardellina rubrifrons 2
11%
Scott's Oriole Icterus parisorum 1
11%
Sharp-tailed Sandpiper Calidris acuminata 3
11%
Slaty-backed Gull Larus schistisagus 3
11%
Tropical Parula Setophaga pitiayumi 3
11%
Varied Bunting Passerina versicolor 2
11%
White-tailed Hawk Geranoaetus albicaudatus 2
11%
White-tailed Tropicbird Phaethon lepturus 2
11%
White Tern Gygis alba 2
11%
White Wagtail Motacilla alba 3
11%
Zenaida Dove Zenaida aurita 4
11%
Altamira Oriole Icterus gularis 2
10%
Antillean Nighthawk Chordeiles gundlachii 2
10%
Bendire's Thrasher Toxostoma bendirei 2
10%
Black-winged Stilt Himantopus himantopus 5
10%
Blue-throated Mountain-gem Lampornis clemenciae 2
10%
Brown Noddy Anous stolidus 2
10%
Buller's Shearwater Ardenna bulleri 2
10%
Common Sandpiper Actitis hypoleucos 3
10%
Eurasian Hoopoe Upupa epops 5
10%
Eurasian Oystercatcher Haematopus ostralegus 4
10%
European Goldfinch Carduelis carduelis 2
10%
Greater Pewee Contopus pertinax 2
10%
Hermit Warbler Setophaga occidentalis 1
10%
Jack Snipe Lymnocryptes minimus 4
10%
Mexican Whip-poor-will Antrostomus arizonae 2
10%
Red-faced Cormorant Urile urile 2
10%
Red-tailed Tropicbird Phaethon rubricauda 2
10%
Rock Sandpiper Calidris ptilocnemis 2
10%
Sagebrush Sparrow Artemisiospiza nevadensis 1
10%
White-crowned Pigeon Patagioenas leucocephala 2
10%
White-tailed Eagle Haliaeetus albicilla 4
10%
White-winged Tern Chlidonias leucopterus 4
10%
Wrentit Chamaea fasciata 1
10%
Xantus's Hummingbird Basilinna xantusii 5
10%
Yellow-footed Gull Larus livens 2
10%
Yellow-green Vireo Vireo flavoviridis 3
10%
Bare-throated Tiger-Heron Tigrisoma mexicanum 5
9%
Bat Falcon Falco rufigularis 5
9%
Belcher's Gull Larus belcheri 5
9%
Black-chinned Sparrow Spizella atrogularis 1
9%
Black Francolin Francolinus francolinus 2
9%
Black Kite Milvus migrans 5
9%
Black Noddy Anous minutus 2
9%
Black-tailed Gnatcatcher Polioptila melanura 1
9%
Black-whiskered Vireo Vireo altiloquus 2
9%
Blue Bunting Cyanocompsa parellina 4
9%
Bronzed Cowbird Molothrus aeneus 1
9%
California Thrasher Toxostoma redivivum 2
9%
Canyon Towhee Melozone fusca 1
9%
Cassia Crossbill Loxia sinesciuris 2
9%
Cassin's Sparrow Peucaea cassinii 1
9%
Chihuahuan Meadowlark Sturnella lilianae 1
9%
Clay-colored Thrush Turdus grayi 2
9%
Cocos Booby Sula brewsteri 2
9%
Common Wood-Pigeon Columba palumbus 5
9%
Cook's Petrel Pterodroma cookii 3
9%
Craveri's Murrelet Synthliboramphus craveri 2
9%
Eastern Cattle-Egret Ardea coromanda 5
9%
Eurasian Hobby Falco subbuteo 4
9%
European Robin Erithacus rubecula 5
9%
Five-striped Sparrow Amphispizopsis quinquestriata 2
9%
Golden-cheeked Warbler Setophaga chrysoparia 2
9%
Gray-headed Chickadee Poecile cinctus 3
9%
Gray Vireo Vireo vicinior 2
9%
Great Spotted Woodpecker Dendrocopos major 4
9%
Hawaiian Coot Fulica alai 2
9%
Hook-billed Kite Chondrohierax uncinatus 3
9%
Key West Quail-Dove Geotrygon chrysia 4
9%
Least Auklet Aethia pusilla 2
9%
Medium Egret Ardea intermedia 5
9%
Nutting's Flycatcher Myiarchus nuttingi 4
9%
Parakeet Auklet Aethia psittacula 2
9%
Plain Chachalaca Ortalis vetula 2
9%
Red-necked Stint Calidris ruficollis 3
9%
Southern Lapwing Vanellus chilensis 5
9%
Spoon-billed Sandpiper Calidris pygmaea (pygmea) 4
9%
Stygian Owl Asio stygius 5
9%
Thick-billed Kingbird Tyrannus crassirostris 2
9%
Verdin Auriparus flaviceps 1
9%
Violet-crowned Hummingbird Ramosomyia violiceps 2
9%
Whiskered Screech-Owl Megascops trichopsis 2
9%
Wood Sandpiper Tringa glareola 3
9%
Aleutian Tern Onychoprion aleuticus 2
8%
Audubon's Oriole Icterus graduacauda 2
8%
Bachman's Sparrow Peucaea aestivalis 1
8%
Bahama Mockingbird Mimus gundlachii 4
8%
Bananaquit Coereba flaveola 4
8%
Black-capped Gnatcatcher Polioptila nigriceps 3
8%
Botteri's Sparrow Peucaea botterii 2
8%
Bristle-thighed Curlew Numenius tahitiensis 2
8%
Brown-crested Flycatcher Myiarchus tyrannulus 1
8%
Cassin's Auklet Ptychoramphus aleuticus 1
8%
Chestnut-collared Longspur Calcarius ornatus 1
8%
Eurasian Curlew Numenius arquata 5
8%
Eurasian Skylark Alauda arvensis 2
8%
Fieldfare Turdus pilaris 4
8%
Flesh-footed Shearwater Ardenna carneipes 3
8%
Gray-crowned Rosy-Finch Leucosticte tephrocotis 1
8%
Gray-headed Swamphen Porphyrio poliocephalus (porphyrio) 2
8%
Iiwi Drepanis coccinea 2
8%
Little Tern Sternula albifrons 4
8%
Northern Wheatear Oenanthe oenanthe 2
8%
Olive Warbler Peucedramus taeniatus 2
8%
Oriental Turtle-Dove Streptopelia orientalis 4
8%
Pacific Swift Apus pacificus 4
8%
Pink-footed Shearwater Ardenna creatopus 1
8%
Rivoli's Hummingbird Eugenes fulgens 2
8%
Rose-throated Becard Pachyramphus aglaiae 3
8%
Rosy-faced Lovebird Agapornis roseicollis 2
8%
Rufous-backed Robin Turdus rufopalliatus 3
8%
Scripps's Murrelet Synthliboramphus scrippsi 2
8%
Smith's Longspur Calcarius pictus 2
8%
Spotted Dove Streptopelia chinensis 2
8%
Thick-billed Longspur Rhynchophanes mccownii 2
8%
White-eared Hummingbird Basilinna leucotis 3
8%
Willow Warbler Phylloscopus trochilus 4
8%
African Collared-Dove Streptopelia roseogrisea 6
7%
Arctic Warbler Phylloscopus borealis 2
7%
Band-rumped Storm-Petrel Hydrobates castro 2
7%
Colima Warbler Leiothlypis crissalis 2
7%
Common Pauraque Nyctidromus albicollis 2
7%
Crested Auklet Aethia cristatella 2
7%
Cuban Pewee Contopus caribaeus 4
7%
Eastern Yellow Wagtail Motacilla tschutschensis 2
7%
Eurasian Blackbird Turdus merula 5
7%
Eurasian Moorhen Gallinula chloropus 5
7%
Eurasian Siskin Spinus spinus 5
7%
Eurasian Wryneck Jynx torquilla 5
7%
European Turtle-Dove Streptopelia turtur 5
7%
Gray Francolin Ortygornis pondicerianus 2
7%
Green Parakeet Psittacara holochlorus 2
7%
Hawaiian Hawk Buteo solitarius 2
7%
La Sagra's Flycatcher Myiarchus sagrae 3
7%
Mottled Owl Strix virgata 5
7%
Red-billed Pigeon Patagioenas flavirostris 2
7%
Red-crowned Amazon Amazona viridigenalis 2
7%
Scopoli's Shearwater Calonectris diomedea 2
7%
Shiny Cowbird Molothrus bonariensis 3
7%
Sulphur-bellied Flycatcher Myiodynastes luteiventris 2
7%
Tamaulipas Crow Corvus imparatus 4
7%
White-tipped Dove Leptotila verreauxi 2
7%
Yellow-headed Caracara Milvago chimachima 5
7%
Bahama Woodstar Nesophlox evelynae 5
6%
Bermuda Petrel Pterodroma cahow 3
6%
Black Rosy-Finch Leucosticte atrata 2
6%
Blue Mockingbird Melanotis caerulescens 5
6%
Budgerigar Melopsittacus undulatus 6
6%
Buff-bellied Hummingbird Amazilia yucatanensis 2
6%
Bulwer's Petrel Bulweria bulwerii 3
6%
Curlew Sandpiper Calidris ferruginea 3
6%
Flame-colored Tanager Piranga bidentata 3
6%
Fork-tailed Storm-Petrel Hydrobates furcatus 2
6%
Gray-breasted Martin Progne chalybea 5
6%
Gray Gull Leucophaeus modestus 5
6%
Gray-tailed Tattler Tringa brevipes 3
6%
Great Black Hawk Buteogallus urubitinga 5
6%
Green Sandpiper Tringa ochropus 4
6%
Guadalupe Murrelet Synthliboramphus hypoleucus 3
6%
Hawaiian Petrel Pterodroma sandwichensis 2
6%
Little Curlew Numenius minutus 5
6%
Loggerhead Kingbird Tyrannus caudifasciatus 5
6%
Long-toed Stint Calidris subminuta 3
6%
Masked Tityra Tityra semifasciata 5
6%
McKay's Bunting Plectrophenax hyperboreus 3
6%
Mexican Violetear Colibri thalassinus 3
6%
Mitred Parakeet Psittacara mitratus 2
6%
Northern Beardless-Tyrannulet Camptostoma imberbe 2
6%
Rose-ringed Parakeet Psittacula krameri 2
6%
Solitary Snipe Gallinago solitaria 5
6%
Song Thrush Turdus philomelos 5
6%
Spotted Redshank Tringa erythropus 4
6%
Swallow-tailed Gull Creagrus furcatus 5
6%
Terek Sandpiper Xenus cinereus 3
6%
Western Spindalis Spindalis zena 3
6%
Zebra Dove Geopelia striata 2
6%
Apapane Himatione sanguinea 2
5%
Black-browed Albatross Thalassarche melanophris 4
5%
Black-capped Petrel Pterodroma hasitata 2
5%
Black Storm-Petrel Hydrobates melania 1
5%
Brown-capped Rosy-Finch Leucosticte australis 2
5%
Brown Shrike Lanius cristatus 4
5%
Buff-breasted Flycatcher Empidonax fulvifrons 2
5%
Cinnamon Hummingbird Amazilia rutila 5
5%
Dusky-capped Flycatcher Myiarchus tuberculifer 2
5%
Eastern Spot-billed Duck Anas zonorhyncha 4
5%
Eurasian Jackdaw Coloeus (Corvus) monedula 4
5%
Eurasian Sparrowhawk Accipiter nisus 5
5%
Far Eastern Curlew Numenius madagascariensis 4
5%
Fea's Petrel Pterodroma feae 3
5%
Gray Wagtail Motacilla cinerea 4
5%
Great Knot Calidris tenuirostris 4
5%
Hawaii Amakihi Chlorodrepanis virens 2
5%
Hawaii Oo Moho nobilis 6
5%
Kauai Oo Moho braccatus 6
5%
Kittlitz's Murrelet Brachyramphus brevirostris 2
5%
Mistle Thrush Turdus viscivorus 5
5%
Olive Sparrow Arremonops rufivirgatus 2
5%
Oriental Cuckoo Cuculus optatus 4
5%
Ou Psittirostra psittacea 6
5%
Red-backed Shrike Lanius collurio 5
5%
Red-billed Leiothrix Leiothrix lutea 2
5%
Red-flanked Bluetail Tarsiger cyanurus 4
5%
Rufous-capped Warbler Basileuterus rufifrons 3
5%
Rufous-crowned Sparrow Aimophila ruficeps 1
5%
Rufous-winged Sparrow Peucaea carpalis 2
5%
Rustic Bunting Emberiza rustica 3
5%
Scaly-breasted Munia Lonchura punctulata 2
5%
Short-tailed Albatross Phoebastria albatrus 3
5%
Short-tailed Shearwater Ardenna tenuirostris 2
5%
Siberian Rubythroat Calliope calliope 3
5%
Sinaloa Wren Thryophilus sinaloa 5
5%
Social Flycatcher Myiozetetes similis 5
5%
Spot-breasted Oriole Icterus pectoralis 2
5%
Sungrebe Heliornis fulica 5
5%
Thick-billed Parrot Rhynchopsitta pachyrhyncha 5
5%
Thick-billed Vireo Vireo crassirostris 4
5%
White-collared Swift Streptoprocne zonaris 4
5%
White-faced Storm-Petrel Pelagodroma marina 3
5%
Wood Warbler Phylloscopus sibilatrix 4
5%
Worthen's Sparrow Spizella wortheni 5
5%
Yellow-chevroned Parakeet Brotogeris chiriri 2
5%
Yellow Grosbeak Pheucticus chrysopeplus 4
5%
Ashy Storm-Petrel Hydrobates homochroa 2
4%
Aztec Thrush Ridgwayia pinicola 4
4%
Barolo Shearwater Puffinus baroli 4
4%
Black-tailed Gull Larus crassirostris 4
4%
Black-vented Shearwater Puffinus opisthomelas 1
4%
Blue-gray Noddy Anous ceruleus 3
4%
Brambling Fringilla montifringilla 3
4%
Buff-collared Nightjar Antrostomus ridgwayi 3
4%
Chinese Egret Egretta eulophotes 5
4%
Chinese Pond-Heron Ardeola bacchus 5
4%
Collared Plover Anarhynchus collaris 5
4%
Common Rosefinch Carpodacus erythrinus 4
4%
Crescent-chested Warbler Oreothlypis superciliosa 4
4%
Eared Quetzal Euptilotis neoxenus 4
4%
Eurasian Bullfinch Pyrrhula pyrrhula 4
4%
Golden-crowned Warbler Basileuterus culicivorus 4
4%
Hawfinch Coccothraustes coccothraustes 4
4%
Large-billed Tern Phaetusa simplex 5
4%
Little Bunting Emberiza pusilla 4
4%
Long-billed Murrelet Brachyramphus perdix 4
4%
Marsh Sandpiper Tringa stagnatilis 4
4%
Newell's Shearwater Puffinus newelli 2
4%
Pallas's Bunting Emberiza pallasi 4
4%
Red-crested Cardinal Paroaria coronata 2
4%
Red-legged Honeycreeper Cyanerpes cyaneus 4
4%
Red-masked Parakeet Psittacara erythrogenys 2
4%
Red-throated Pipit Anthus cervinus 3
4%
Red-vented Bulbul Pycnonotus cafer 2
4%
Ruddy Quail-Dove Geotrygon montana 4
4%
Sargasso Shearwater Puffinus lherminieri 1
4%
Siberian Sand-Plover Anarhynchus mongolus 3
4%
Slate-throated Redstart Myioborus miniatus 4
4%
Tufted Flycatcher Mitrephanes phaeocercus 4
4%
Warbling White-eye Zosterops japonicus 2
4%
Wedge-tailed Shearwater Ardenna pacifica 2
4%
Western Marsh Harrier Circus aeruginosus 5
4%
Western Reef-Heron Egretta gularis 5
4%
Whiskered Auklet Aethia pygmaea 2
4%
Whiskered Tern Chlidonias hybrida 5
4%
Akikiki Oreomystis bairdi 2
3%
Atlantic Yellow-nosed Albatross Thalassarche chlororhynchos 4
3%
Bishop's Oo Moho bishopi 6
3%
Blue-and-white Swallow Pygochelidon cyanoleuca 5
3%
Broad-billed Sandpiper Calidris falcinellus 4
3%
Bumblebee Hummingbird Selasphorus heloisa 5
3%
Citrine Wagtail Motacilla citreola 5
3%
Common Chaffinch Fringilla coelebs 4
3%
Common Chiffchaff Phylloscopus collybita 4
3%
Cuban Vireo Vireo gundlachii 5
3%
Dark-billed Cuckoo Coccyzus melacoryphus 5
3%
Erckel's Spurfowl Pternistis erckelii 2
3%
Eurasian Dotterel Eudromias morinellus 4
3%
European Storm-Petrel Hydrobates pelagicus 4
3%
Gray-crowned Yellowthroat Geothlypis poliocephala 4
3%
Gray-hooded Gull Chroicocephalus cirrocephalus 5
3%
Great Crested Tern Thalasseus bergii 5
3%
Greater Sand-Plover Anarhynchus leschenaultii 5
3%
Green-breasted Mango Anthracothorax prevostii 4
3%
Hawaii Elepaio Chasiempis sandwichensis 2
3%
Herald Petrel Pterodroma heraldica 4
3%
Hooded Crane Grus monacha 5
3%
Japanese Bush Warbler Horornis diphone 2
3%
Java Sparrow Padda oryzivora 2
3%
Kentish Plover Anarhynchus alexandrinus 5
3%
Lanceolated Warbler Locustella lanceolata 4
3%
Least Storm-Petrel Hydrobates microsoma 2
3%
Little Ringed Plover Charadrius dubius 5
3%
Mangrove Swallow Tachycineta albilinea 5
3%
Morelet's Seedeater Sporophila morelleti 3
3%
Murphy's Petrel Pterodroma ultima 3
3%
Narcissus Flycatcher Ficedula narcissina 5
3%
Naumann's Thrush Turdus naumanni 5
3%
Olive-backed Pipit Anthus hodgsoni 3
3%
Oriental Pratincole Glareola maldivarum 5
3%
Pallas's Gull Ichthyaetus ichthyaetus 5
3%
Parkinson's Petrel Procellaria parkinsoni 5
3%
Pine Flycatcher Empidonax affinis 5
3%
Pin-tailed Snipe Gallinago stenura 4
3%
Piratic Flycatcher Legatus leucophaius 4
3%
Plain-capped Starthroat Heliomaster constantii 4
3%
Red-footed Falcon Falco vespertinus 5
3%
Red-whiskered Bulbul Pycnonotus jocosus 2
3%
Saffron Finch Sicalis flaveola 2
3%
Siberian Accentor Prunella montanella 4
3%
White-winged Parakeet Brotogeris versicolurus 2
3%
Yellow-billed Cardinal Paroaria capitata 2
3%
Yellow Bittern Botaurus sinensis 5
3%
Yellow-headed Amazon Amazona oratrix 6
3%
Yucatan Vireo Vireo magister 5
3%
African Silverbill Euodice cantans 2
2%
Akekee Loxops caeruleirostris 2
2%
Amethyst-throated Mountain-gem Lampornis amethystinus 5
2%
Anianiau Magumma parva 2
2%
Antillean Palm Swift Tachornis phoenicobia 5
2%
Asian Rosy-Finch Leucosticte arctoa 5
2%
Bahama Swallow Tachycineta cyaneoviridis 4
2%
Black-backed Oriole Icterus abeillei 5
2%
Black-bellied Storm-Petrel Fregetta tropica 5
2%
Black-faced Grassquit Melanospiza bicolor 4
2%
Black Mamo Drepanis funerea 6
2%
Black-vented Oriole Icterus wagleri 4
2%
Blue-gray Tanager Thraupis episcopus 6
2%
Brown-backed Solitaire Myadestes occidentalis 5
2%
Bryan's Shearwater Puffinus bryani 5
2%
Chatham Albatross Thalassarche eremita 5
2%
Chestnut-bellied Sandgrouse Pterocles exustus 3
2%
Chestnut Munia Lonchura atricapilla 2
2%
Chinese Hwamei Garrulax canorus 2
2%
Chinese Sparrowhawk Tachyspiza (Accipiter) soloensis 5
2%
Christmas Shearwater Puffinus nativitatis 3
2%
Collared Forest-Falcon Micrastur semitorquatus 5
2%
Common Redstart Phoenicurus phoenicurus 5
2%
Common Waxbill Estrilda astrild 2
2%
Crane Hawk Geranospiza caerulescens 5
2%
Crested Myna Acridotheres cristatellus 6
2%
Crimson-collared Grosbeak Periporphyrus celaeno 4
2%
Cuban Martin Progne cryptoleuca 5
2%
Double-striped Thick-knee Hesperoburhinus bistriatus 5
2%
Double-toothed Kite Harpagus bidentatus 5
2%
Dusky Thrush Turdus eunomus 4
2%
Dusky Warbler Phylloscopus fuscatus 4
2%
Eyebrowed Thrush Turdus obscurus 3
2%
Fan-tailed Warbler Basileuterus lachrymosus 4
2%
Gray-backed Tern Onychoprion lunatus 2
2%
Gray Nightjar Caprimulgus jotaka 5
2%
Gray Silky-flycatcher Ptiliogonys cinereus 5
2%
Hawaii Akepa Loxops coccineus 2
2%
Hawaiian Rail Zapornia sandwichensis 6
2%
Icterine Warbler Hippolais icterina 5
2%
Island Canary Serinus canaria 3
2%
Kalij Pheasant Lophura leucomelanos 2
2%
Kamchatka Leaf Warbler Phylloscopus examinandus 4
2%
Kauai Akialoa Akialoa stejnegeri 6
2%
Kauai Amakihi Chlorodrepanis stejnegeri 2
2%
Kauai Elepaio Chasiempis sclateri 2
2%
Kona Grosbeak Chloridops kona 6
2%
Laysan Finch Telespiza cantans 3
2%
Laysan Rail Zapornia palmeri 6
2%
Lesser Whitethroat Curruca (Sylvia) curruca 5
2%
Lilac-crowned Amazon Amazona finschi 2
2%
Mariana Swiftlet Aerodramus bartschi 2
2%
Maui Parrotbill Pseudonestor xanthophrys 2
2%
Mottled Petrel Pterodroma inexpectata 2
2%
Mugimaki Flycatcher Ficedula mugimaki 5
2%
Northern Boobook Ninox japonica 5
2%
Northern Giant-Petrel Macronectes halli 5
2%
Oahu Akialoa Akialoa ellisiana 6
2%
Oahu Amakihi Chlorodrepanis flava 2
2%
Oahu Elepaio Chasiempis ibidis 2
2%
Oahu Oo Moho apicalis 6
2%
Omao Myadestes obscurus 2
2%
Oriental Scops-Owl Otus sunia 5
2%
Palila Loxioides bailleui 2
2%
Pine Bunting Emberiza leucocephalos 5
2%
Puaiohi Myadestes palmeri 2
2%
Red Avadavat Amandava amandava 2
2%
Reed Bunting Emberiza schoeniclus 4
2%
Salvin's Albatross Thalassarche salvini 5
2%
Scaly-naped Pigeon Patagioenas squamosa 5
2%
Sedge Warbler Acrocephalus schoenobaenus 5
2%
Siberian Pipit Anthus japonicus 3
2%
Slender-billed Curlew Numenius tenuirostris 5
2%
Spotted Flycatcher Muscicapa striata 5
2%
Spotted Rail Pardirallus maculatus 5
2%
Streak-backed Oriole Icterus pustulatus 4
2%
Streaked Shearwater Calonectris leucomelas 4
2%
Tahiti Petrel Pseudobulweria rostrata 5
2%
Townsend's Storm-Petrel Hydrobates socorroensis 3
2%
Tree Pipit Anthus trivialis 4
2%
Trindade Petrel Pterodroma arminjoniana 3
2%
Tristram's Storm-Petrel Hydrobates tristrami 3
2%
Variegated Flycatcher Empidonomus varius 4
2%
Wedge-rumped Storm-Petrel Hydrobates tethys 4
2%
White-crested Elaenia Elaenia albiceps 5
2%
White-throated Needletail Hirundapus caudacutus 5
2%
Yellow-breasted Bunting Emberiza aureola 4
2%
Yellow-browed Warbler Phylloscopus inornatus 4
2%
Yellow-faced Grassquit Tiaris olivaceus 3
2%
Yellow-fronted Canary Crithagra mozambica 2
2%
Yellow-throated Bunting Emberiza elegans 5
2%
Zino's Petrel Pterodroma madeira 5
2%
Ainley's Storm-Petrel Hydrobates cheimomnestes 5
1%
Akiapolaau Hemignathus wilsoni 2
1%
Akohekohe Palmeria dolei 2
1%
Amaui Myadestes woahensis 6
1%
Amur Stonechat Saxicola maurus 4
1%
Asian Brown Flycatcher Muscicapa dauurica 4
1%
Black-headed Nightingale-Thrush Catharus mexicanus 5
1%
Black-winged Petrel Pterodroma nigripennis 3
1%
Blue-black Grassquit Volatinia jacarina 5
1%
Blue Rock-Thrush Monticola solitarius 5
1%
Blyth's Reed Warbler Acrocephalus dumetorum 5
1%
Bonin Petrel Pterodroma hypoleuca 3
1%
Brown-chested Martin Progne tapera 4
1%
Cape Verde Shearwater Calonectris edwardsii 5
1%
Crowned Slaty Flycatcher Empidonomus aurantioatrocristatus 5
1%
Dark-sided Flycatcher Muscicapa sibirica 4
1%
Gray Bunting Emberiza variabilis 5
1%
Gray-collared Becard Pachyramphus major 5
1%
Gray-faced Petrel Pterodroma gouldi 5
1%
Gray-streaked Flycatcher Muscicapa griseisticta 4
1%
Greater Amakihi Viridonia sagittirostris 6
1%
Greater Koa-Finch Rhodacanthis palmeri 6
1%
Greater Necklaced Laughingthrush Pterorhinus (Garrulax) pectoralis 2
1%
Greenish Elaenia Myiopagis viridicata 5
1%
Hawaii Creeper Loxops mana 2
1%
Hawaii Mamo Drepanis pacifica 6
1%
Juan Fernandez Petrel Pterodroma externa 3
1%
Kamao Myadestes myadestinus 6
1%
Kauai Nukupuu Hemignathus hanapepe 6
1%
Kermadec Petrel Pterodroma neglecta 4
1%
Lanai Hookbill Dysmorodrepanis munroi 6
1%
Lavender Waxbill Glaucestrilda caerulescens 2
1%
Laysan Honeycreeper Himatione fraithii 6
1%
Lesser Akialoa Akialoa obscura 6
1%
Lesser Koa-Finch Rhodacanthis flaviceps 6
1%
Light-mantled Albatross Phoebetria palpebrata 5
1%
Long-legged Buzzard Buteo rufinus 5
1%
Maui Akepa Loxops ochraceus 6
1%
Maui Alauahio Paroreomyza montana 2
1%
Maui-nui Akialoa Akialoa lanaiensis 6
1%
Maui Nukupuu Hemignathus affinis 6
1%
Middendorff's Grasshopper Warbler Helopsaltes ochotensis 4
1%
Millerbird Acrocephalus familiaris 3
1%
Nihoa Finch Telespiza ultima 3
1%
Oahu Akepa Loxops wolstenholmei 6
1%
Olomao Myadestes lanaiensis 6
1%
Orange-billed Nightingale-Thrush Catharus aurantiirostris 5
1%
Oriental Greenfinch Chloris sinica 4
1%
Pallas's Grasshopper Warbler Helopsaltes certhiola 5
1%
Pallas's Leaf Warbler Phylloscopus proregulus 5
1%
Pallas's Rosefinch Carpodacus roseus 5
1%
Pechora Pipit Anthus gustavi 4
1%
Pied Wheatear Oenanthe pleschanka 5
1%
Red-legged Thrush Turdus plumbeus 5
1%
Ringed Storm-Petrel Hydrobates hornbyi 5
1%
River Warbler Locustella fluviatilis 5
1%
Rufous-necked Wood-Rail Aramides axillaris 5
1%
Rufous-tailed Robin Larvivora sibilans 4
1%
Rufous-tailed Rock-Thrush Monticola saxatilis 5
1%
Siberian Blue Robin Larvivora cyane 5
1%
Siberian House-Martin Delichon lagopodum 4
1%
Small-billed Elaenia Elaenia parvirostris 5
1%
Southern Martin Progne elegans 5
1%
Stejneger's Petrel Pterodroma longirostris 4
1%
Swinhoe's Storm-Petrel Hydrobates monorhis 5
1%
Taiga Flycatcher Ficedula albicilla 4
1%
Tawny-shouldered Blackbird Agelaius humeralis 5
1%
Thick-billed Warbler Arundinax aedon 5
1%
Tricolored Munia Lonchura malacca 4
1%
Ula-ai-hawane Ciridops anna 6
1%
White-capped Albatross Thalassarche cauta 4
1%
White-chinned Petrel Procellaria aequinoctialis 5
1%
White-rumped Shama Copsychus malabaricus 2
1%
Yellow-browed Bunting Emberiza chrysophrys 5
1%
Jouanin's Petrel Bulweria fallax 5
0%
Kakawahie Paroreomyza flammea 6
0%
Kioea Chaetoptila angustipluma 6
0%
Oahu Alauahio Paroreomyza maculata 6
0%
Oahu Nukupuu Hemignathus lucidus 6
0%
Paint-billed Crake Mustelirallus erythrops 5
0%
Poo-uli Melamprosops phaeosoma 6
0%
Providence Petrel Pterodroma solandri 4
0%
White-necked Petrel Pterodroma cervicalis 3
0%
White-throated Thrush Turdus assimilis 4
0%
No matching quizzes found
Score Distribution
Percent of People with Each Score
Percentile by Number Answered
Your Score History
You have not taken this quiz since the last reset